IP smart workbook : (Record no. 84387)

MARC details
000 -LEADER
fixed length control field 00557nam a22001697a 4500
005 - DATE AND TIME OF LATEST TRANSACTION
control field 20140805114611.0
010 ## - LCCN (DPL NO)
LC control number ENG-109959
020 ## - INTERNATIONAL STANDARD BOOK NUMBER
International Standard Book Number 9789351431435
Terms of availability 195.00
035 ## - SYSTEM CONTROL NUMBER
System control number EN-93492
037 ## - SOURCE OF ACQUISITION
Source of stock number/acquisition DBAD/PUB
100 ## - MAIN ENTRY--PERSONAL NAME
Personal name Swapna Sundar
245 ## - TITLE STATEMENT
Title IP smart workbook :
Statement of responsibility, etc by Swapna Sundar ; foreworded by V. Ramasubramanian
Remainder of title the lab to market guide to inventing /
260 ## - PUBLICATION, DISTRIBUTION, ETC. (IMPRINT)
Place of publication, distribution, etc Gurgaon
Name of publisher, distributor, etc Lexis Nexis
Date of publication, distribution, etc 2014
270 ## - ADDRESS
Address 14th Floor, Bldg No.10, Tower-B, DLF Cyber City, Phase-II
City Gurgaon
Postal code 122002
300 ## - PHYSICAL DESCRIPTION
Extent xv,160p.
Dimensions 24cm(pbk)
942 ## - ADDED ENTRY ELEMENTS (KOHA)
Source of classification or shelving scheme Dewey Decimal Classification
Item type English Books
Call number suffix SWA
Holdings
Withdrawn status Lost status Not for loan Collection code Home library Current library Date acquired Source of acquisition Cost, normal purchase price Full call number Barcode Copy number Cost, replacement price Koha item type
    Not For Loan Non-fiction D.B.Act.Division D.B.Act.Division 21/05/2014 DBAD/PUB 195.00 SWA EN-93492 1 195.00 English Books

© Delhi Public Library
Hit Counter
free hit counter